| 000 | 01926nam0a2200349 4500 | ||
|---|---|---|---|
| 001 | RU\NLR\BIBL_A\022756258 | ||
| 005 | 20260524044621.0 | ||
| 010 |
_a978-5-907934-46-7 _9150 |
||
| 021 |
_aRU _bКН-П-26-002755 _9КН-П-26-0251 |
||
| 035 | _a(NLR Aleph) 022756258 | ||
| 090 |
_a13711076 _c13711076 |
||
| 100 | _a20260317d2024 u y0rusy50 ca | ||
| 101 | 0 | _arus | |
| 102 | _aRU | ||
| 105 | _ay z 000yy | ||
| 181 | 0 |
_ai _baxxe |
|
| 182 | 0 | _an | |
| 200 | 1 |
_aКонспект флоры Самарской области (сосудистые растения) _dCheck-list of the vascular flora of the Samara region _fВ. М. Васюков _gМинистерство науки и высшего образования Российской Федерации, Российская академия наук, Самарский федеральный исследовательский центр РАН, Институт экологии Волжского бассейна РАН (ИЭВБ РАН - филиал СамНЦ РАН), Русское ботаническое общество, Тольяттинское отделение РБО _zeng |
|
| 203 |
_aТекст _bвизуальный _cнепосредственный |
||
| 210 |
_aПенза _cИзд-во ПГУ _d2024 |
||
| 215 |
_a198, [1] с. _d21 |
||
| 300 | _aАвт. также на англ. яз.: V. M. Vasjukov | ||
| 320 | _aБиблиогр.: с. 184-195 (155 назв.) | ||
| 510 | 1 |
_6z20790 _aCheck-list of the vascular flora of the Samara region _zeng |
|
| 606 | 1 |
_aСосудистые растения _yСамарская область _92710294 _3RU\NLR\AUTH\6601770888 |
|
| 686 | 1 | _aЕ592(2Р354-4С) | |
| 700 | 1 |
_aВасюков _bВ. М. _gВладимир Михайлович |
|
| 790 | 1 |
_6z20510 _aVasjukov _bV. M. _gVladimir Michajlovič |
|
| 942 | _cBOOK | ||
| 980 | _aNB | ||